| 000 | 00515nam a22001337a 4500 | ||
|---|---|---|---|
| 040 | _cNUST | ||
| 082 | _a220 PRO | ||
| 100 |
_aNamrah Nasir Rabeea Ahmad Ravail Asghar _986282 |
||
| 110 |
_aProject Supervisor (S) Dr Shahzad Amin Sheikh Kamran Aziz Bhatti Dr Fahad Mumtaz Malik Dr Saqib Ejaz _986283 |
||
| 245 | _aPR-SOF-2092-Automotive Cruise Control of RCC Vehicle Using FMCW Technology Based on Zynq Chip | ||
| 260 |
_aISLAMABAD: _bNUST COLLEGE OF EME, _c2021. |
||
| 650 |
_aDE-ELECT-39 _986284 |
||
| 942 |
_2ddc _cPR |
||
| 999 |
_c587278 _d587278 |
||